Miasta podkarpacia nie będące powiatowymi - Statystyki

Ogólne statystyki
  • Ten quiz został rozwiązany 54 razy
  • Średni wynik to 20 z 33
Statystyki odpowiedzi
Powiat Miasto % Poprawnych
rzeszowski Boguchwała
80%
krośnieński Rymanów
80%
krośnieński Dukla
72%
krośnieński Iwonicz-Zdrój
72%
dębicki Pilzno
72%
rzeszowski Głogów Małopolski
70%
sanocki Zagórz
67%
przemyski Dubiecko
65%
tarnobrzeski Nowa Dęba
65%
przemyski Bircza
63%
rzeszowski Dynów
63%
przeworski Kańczuga
63%
jarosławski Radymno
63%
przeworski Sieniawa
63%
rzeszowski Sokołów Małopolski
63%
niżański Rudnik nad Sanem
61%
ropczycko-sędziszowski Sędziszów Małopolski
61%
rzeszowski Tyczyn
61%
tarnobrzeski Baranów Sandomierski
59%
rzeszowski Błażowa
59%
krośnieński Jedlicze
57%
mielecki Radomyśl Wielki
57%
dębicki Brzostek
54%
przeworski Jawornik Polski
54%
lubaczowski Narol
54%
leżajski Nowa Sarzyna
54%
mielecki Przecław
54%
jasielski Kołaczyce
52%
lubaczowski Oleszyce
52%
jarosławski Pruchnik
52%
niżański Ulanów
52%
stalowowolski Zaklików
50%
lubaczowski Cieszanów
48%
Nie znaleziono quizów pasujących do podanych kryteriów
Rozkład punktacji
Procent ludzi z każdym wynikiem
Percentyl według liczby udzielonych odpowiedzi
Twoja historia wyników
Nie rozwiązałeś tego quizu